000
00268nam a2200097Ia 4500
008
240331s9999 xx 000 0 und d
082
_b
WOM
100
_a
LAtin America. ed
245
0
_a
Women of the world :
_b
laws and polices affecting their reproductive lives
942
_c
L
999
_c
5415
_d
5415